El idiota o Los trabucaires del Pirineo : (Record no. 159140)

MARC details
000 -LEADER
campo de control de longitud fija 00947nam a2200241 i 4500
001 - NÚMERO DE CONTROL
campo de control 159140
003 - IDENTIFICADOR DE NÚMERO DE CONTROL
campo de control ES-MaACL
005 - FECHA Y HORA DE LA ÚLTIMA TRANSACCIÓN
campo de control 20251211180201.0
008 - DATOS DE LONGITUD FIJA--INFORMACIÓN GENERAL
campo de control de longitud fija 931025s1856 sp f |||| | spa d
080 ## - NÚMERO DE LA CLASIFICACIÓN DECIMAL UNIVERSAL
Número de la Clasificación Decimal Universal 821.134.2-31"18"
100 1# - ENTRADA PRINCIPAL--NOMBRE DE PERSONA
Nombre de persona Mata, Pedro,
Fechas asociadas al nombre 1811-1877
9 (RLIN) 78886
245 13 - MENCIÓN DEL TÍTULO
Título El idiota o Los trabucaires del Pirineo :
Resto del título novela histórica original española /
Mención de responsabilidad, etc. por Don Pedro Mata.
260 ## - PUBLICACIÓN, DISTRIBUCIÓN, ETC.
Lugar de publicación, distribución, etc. Madrid :
Nombre del editor, distribuidor, etc. Manini Hermanos,
Fecha de publicación, distribución, etc. 1856.
300 ## - DESCRIPCIÓN FÍSICA
Extensión 703 p., [7] h. de lám. col. ;
Dimensiones 22 cm.
530 ## - NOTA DISPONIBLE DE FORMULARIO FÍSICO ADICIONAL
Nota de formato físico adicional disponible Disponible en formato digital.
599 ## - NOTA A LAS ILUSTRACIONES
NOTA A LAS ILUSTRACIONES Lám. firmadas por Urrabieta y por Capuz
700 1# - ENTRADA AGREGADA--NOMBRE PERSONAL
Nombre de persona Vierge, Daniel (
Fechas asociadas al nombre 1851-1904)
9 (RLIN) 114593
700 1# - ENTRADA AGREGADA--NOMBRE PERSONAL
Nombre de persona Capuz, Tomás Carlos,
Fechas asociadas al nombre 1834-1899
9 (RLIN) 175340
740 42 - ENTRADA AGREGADA--TÍTULO RELACIONADO/ANALÍTICO NO CONTROLADO
Título relacionado o analítico no controlado Los trabucaires del Pirineo.
852 4# - LOCALIZACIÓN
Ubicación ES-MaACL
Número de control de estantería C-3314
Nota libre - Enc. hol. grabada
856 4# - LOCALIZACIÓN Y ACCESO ELECTRÓNICOS
Identificador Uniforme de Recursos <a href="http://bdh-rd.bne.es/viewer.vm?id=0000240025&page=1 ">http://bdh-rd.bne.es/viewer.vm?id=0000240025&page=1 </a>
Nota pública Biblioteca Digital Hispánica
Holdings
Estatus retirado Estado de pérdida Estado de daño No para préstamo Colección Biblioteca de origen Biblioteca actual Ubicación en estantería Fecha de adquisición Fuente de adquisición Total de préstamos Signatura topográfica completa Código de barras Visto por última vez Precio de reemplazo Tipo de ítem Koha
        Colección digital Biblioteca del Ateneo de Madrid Biblioteca del Ateneo de Madrid Sala Palomar 17/01/2008     C-3314 1166595 23/02/2023 23/02/2023 Libro impreso antiguo